[Event "BCF-chT 2223 (4NCL)"]
[Site "England"]
[Date "2023.04.30"]
[Round "10.5"]
[White "Weller, Jean Luc"]
[Black "Freeman, Gordon"]
[Result "0-1"]
[WhiteElo "2224"]
[BlackElo "2102"]
[PlyCount "56"]
[EventDate "2022.10.22"]
[EventType "team-swiss"]
[EventRounds "11"]
[EventCountry "ENG"]
[SourceTitle "EXT 2024"]
[Source "ChessBase"]
[SourceDate "2023.10.10"]
[SourceVersion "1"]
[SourceVersionDate "2023.10.10"]
[SourceQuality "1"]
[WhiteTeam "Chessable White Rose II"]
[BlackTeam "Gonzaga"]
[WhiteTeamCountry "ENG"]
[BlackTeamCountry "ENG"]

1. d4 d5 2. c4 c6 3. Nf3 Nf6 4. e3 Bg4 5. h3 Bxf3 6. Qxf3 e6 7. Nc3 Nbd7 8. Bd3 Bb4 9. 0-0 0-0 10. a3 Bxc3 11. bxc3 e5 12. Qg3 e4 13. Be2 Nb6 14. c5 Nc4 15. a4 Qa5 16. Ba3 Nxa3 17. Rxa3 b6 18. cxb6 axb6 19. Rb1 b5 20. Rbb3 bxa4 21. Rb4 Rfc8 22. Bd1 Qd8 23. Raxa4 Rxa4 24. Bxa4 c5 25. Rb5 cxd4 26. cxd4 h6 27. Qe5 Rc1+ 28. Kh2 Ng4+ 0-1

[Event "BCF-chT 2223 (4NCL)"]
[Site "England"]
[Date "2023.01.14"]
[Round "3.6"]
[White "Harvey, Marcus Ross"]
[Black "Weller, Jean Luc"]
[Result "1-0"]
[WhiteElo "2463"]
[BlackElo "2233"]
[PlyCount "89"]
[EventDate "2022.10.22"]
[EventType "team-swiss"]
[EventRounds "11"]
[EventCountry "ENG"]
[SourceTitle "CBM 213 Extra"]
[Source "ChessBase"]
[SourceDate "2023.05.31"]
[SourceVersion "1"]
[SourceVersionDate "2023.05.31"]
[SourceQuality "1"]
[WhiteTeam "Wood Green"]
[BlackTeam "Chessable White Rose II"]
[WhiteTeamCountry "ENG"]
[BlackTeamCountry "ENG"]

1. f4 d5 2. Nf3 Bg4 3. e3 Nd7 4. h3 Bxf3 5. Qxf3 e5 6. Nc3 c6 7. g3 Bd6 8. Bg2 Qc7 9. d3 0-0-0 10. Bd2 exf4 11. exf4 Ne7 12. 0-0-0 Nf5 13. Rde1 Bb4 14. a3 Ba5 15. g4 Nh4 16. Qf2 Nxg2 17. Qxg2 Bxc3 18. Bxc3 Qxf4+ 19. Kb1 f6 20. Rhf1 Qd6 21. Qf2 b6 22. Qe3 Nc5 23. Bb4 d4 24. Qf3 Qd5 25. Qe2 Na6 26. Bd2 Nc7 27. g5 f5 28. Qf2 Rhf8 29. Qh4 g6 30. Qxh7 Qf7 31. Re7 Qxh7 32. Rxh7 Rh8 33. Rh6 Rhg8 34. h4 Nd5 35. h5 Ne3 36. Rf3 gxh5 37. Rxh5 Rde8 38. c3 c5 39. cxd4 cxd4 40. Rf4 Rd8 41. Ka2 Rd5 42. Rf3 Ng4 43. Rh7 a5 44. Ra7 Rg6 45. Rh3 1-0

[Event "BCF-chT 2122 (4NCL)"]
[Site "England"]
[Date "2022.03.27"]
[Round "6.55"]
[White "Kett, Timothy"]
[Black "Weller, Jean Luc"]
[Result "0-1"]
[WhiteElo "2136"]
[BlackElo "2230"]
[PlyCount "68"]
[EventDate "2021.11.27"]
[EventType "team-swiss"]
[EventRounds "11"]
[EventCountry "ENG"]
[SourceTitle "EXT 2023"]
[Source "ChessBase"]
[SourceDate "2022.10.05"]
[SourceVersion "1"]
[SourceVersionDate "2022.10.05"]
[SourceQuality "1"]
[WhiteTeam "West is Best"]
[BlackTeam "Chessable White Rose II"]
[WhiteTeamCountry "ENG"]
[BlackTeamCountry "ENG"]

1. e4 e6 2. d4 d5 3. e5 c5 4. c3 Nc6 5. Nf3 Qb6 6. Bd3 cxd4 7. 0-0 Bd7 8. h4 g6 9. Re1 Bg7 10. a3 Nge7 11. b4 dxc3 12. Nxc3 Nd4 13. Be3 Nxf3+ 14. Qxf3 d4 15. Ne4 dxe3 16. Nd6+ Kd8 17. Nxb7+ Kc7 18. Rec1+ Kb8 19. Nc5 Bc8 20. Be4 exf2+ 21. Qxf2 Nd5 22. Qxf7 Bxe5 23. Bxd5 exd5 24. Ra2 Qf6 25. Qxf6 Bxf6 26. Rd1 Rd8 27. g3 a6 28. Rf2 Be5 29. Rf7 Ra7 30. Rdf1 Bf5 31. Rxa7 Kxa7 32. g4 Bd4+ 33. Kh2 Bxc5 34. gxf5 Bd6+ 0-1

[Event "BCF-chT 2122 (4NCL)"]
[Site "England"]
[Date "2021.11.27"]
[Round "1.101"]
[White "Gormally, Daniel"]
[Black "Weller, Jean Luc"]
[Result "1-0"]
[WhiteElo "2483"]
[BlackElo "2230"]
[PlyCount "55"]
[EventDate "2021.11.27"]
[EventType "team-swiss"]
[EventRounds "11"]
[EventCountry "ENG"]
[SourceTitle "EXT 2023"]
[Source "ChessBase"]
[SourceDate "2022.10.05"]
[SourceVersion "1"]
[SourceVersionDate "2022.10.05"]
[SourceQuality "1"]
[WhiteTeam "Blackthorne Russia"]
[BlackTeam "Chessable White Rose II"]
[WhiteTeamCountry "ENG"]
[BlackTeamCountry "ENG"]

1. d4 e6 2. c4 f5 3. Nc3 Nf6 4. Nf3 d5 5. Bf4 c6 6. e3 Bd6 7. Bd3 0-0 8. 0-0 Ne4 9. Bxe4 dxe4 10. Ne5 b6 11. f3 exf3 12. Rxf3 Qc7 13. Rh3 Nd7 14. Qh5 Nxe5 15. dxe5 Bxe5 16. Qxh7+ Kf7 17. Rg3 Rg8 18. Qg6+ Kf8 19. Rd1 Bxf4 20. exf4 Bd7 21. Rgd3 Rd8 22. Rd6 Rh8 23. R1d3 Rh6 24. Qg5 Rf6 25. Nb1 Rf7 26. Nd2 Re8 27. Nf3 Bc8 28. Ne5 1-0

[Event "BCF-chTa 1920 (4NCL)"]
[Site "Daventry"]
[Date "2020.02.08"]
[Round "5.47"]
[White "Weller, Jean Luc"]
[Black "Pedersen, Carsten"]
[Result "1/2-1/2"]
[WhiteElo "2238"]
[BlackElo "2065"]
[PlyCount "67"]
[EventDate "2019.11.09"]
[EventType "team-tourn"]
[EventRounds "11"]
[EventCountry "ENG"]
[SourceTitle "CBM 194 Extra"]
[Source "ChessBase"]
[SourceDate "2020.03.31"]
[SourceVersion "1"]
[SourceVersionDate "2020.03.31"]
[SourceQuality "1"]
[WhiteTeam "White Rose"]
[BlackTeam "Celtic Tigers"]
[WhiteTeamCountry "ENG"]
[BlackTeamCountry "ENG"]

1. d4 Nf6 2. c4 e6 3. Nc3 Bb4 4. Qc2 Nc6 5. Nf3 d6 6. Bd2 0-0 7. a3 Bxc3 8. Bxc3 Qe7 9. e3 e5 10. Be2 Bg4 11. 0-0 Rfe8 12. b4 e4 13. Ne1 Bxe2 14. Qxe2 d5 15. b5 Nd8 16. Nc2 dxc4 17. Qxc4 Qe6 18. Qxe6 Nxe6 19. f3 a5 20. Be1 Nf8 21. Bg3 Rac8 22. a4 N8d7 23. Na3 Nb6 24. Be5 Nfd7 25. Bf4 f6 26. Rac1 c5 27. Nc4 Nxc4 28. Rxc4 exf3 29. Rxf3 cxd4 30. Rxd4 Nc5 31. h4 Ne6 32. Rd7 Nc5 33. Rd4 Ne6 34. Rd7 1/2-1/2

[Event "BCF-chT1a 1819 (4NCL)"]
[Site "England"]
[Date "2019.02.10"]
[Round "6.16"]
[White "Le Roux, Jean Pierre"]
[Black "Weller, Jean Luc"]
[Result "1-0"]
[WhiteElo "2534"]
[BlackElo "2268"]
[PlyCount "65"]
[EventDate "2018.11.10"]
[EventType "team-tourn"]
[EventRounds "7"]
[EventCountry "ENG"]
[SourceTitle "CBM 188 Extra"]
[Source "ChessBase"]
[SourceDate "2019.02.26"]
[SourceVersion "1"]
[SourceVersionDate "2019.02.26"]
[SourceQuality "1"]
[WhiteTeam "Guildford"]
[BlackTeam "White Rose"]
[WhiteTeamCountry "ENG"]
[BlackTeamCountry "ENG"]

1. d4 Nf6 2. Nf3 d5 3. c4 c6 4. Nbd2 Bf5 5. Nh4 Be4 6. e3 Nbd7 7. Be2 e6 8. 0-0 Bd6 9. g3 0-0 10. b3 h6 11. Nxe4 Nxe4 12. Bb2 Qa5 13. a3 Nc3 14. Bxc3 Qxc3 15. c5 Be7 16. b4 a5 17. Qb1 Bxh4 18. gxh4 axb4 19. Rc1 Qxa3 20. Rxa3 bxa3 21. Qxb7 Nf6 22. Bd3 Rfc8 23. Ra1 Rab8 24. Qa7 Ra8 25. Qb6 Rab8 26. Qa5 Ra8 27. Qc3 Rc7 28. Rxa3 Rxa3 29. Qxa3 Kf8 30. Qa8+ Ke7 31. Ba6 Ne8 32. Bc8 Nf6 33. Qb8 1-0

[Event "BCF-chT1c 1718 (4NCL) Promotion pool"]
[Site "England"]
[Date "2018.05.07"]
[Round "11.26"]
[White "Weller, Jean Luc"]
[Black "Houska, Jovanka"]
[Result "0-1"]
[WhiteElo "2274"]
[BlackElo "2401"]
[PlyCount "84"]
[EventDate "2017.01.11"]
[EventType "team-swiss"]
[EventRounds "11"]
[EventCountry "ENG"]
[SourceTitle "EXT 2019"]
[Source "ChessBase"]
[SourceDate "2018.10.10"]
[SourceVersion "1"]
[SourceVersionDate "2018.10.10"]
[SourceQuality "1"]
[WhiteTeam "White Rose"]
[BlackTeam "Wood Green"]
[WhiteTeamCountry "ENG"]
[BlackTeamCountry "ENG"]

1. d4 d5 2. c4 e6 3. Nc3 Nf6 4. cxd5 exd5 5. Bg5 Be7 6. e3 c6 7. Bd3 Nbd7 8. Qc2 h6 9. Bh4 Nh5 10. Bxe7 Qxe7 11. Nge2 Nb6 12. 0-0 0-0 13. Rab1 a5 14. Qb3 Nd7 15. Rfe1 Ndf6 16. Nd1 Ne4 17. Qc2 Nd6 18. f3 f5 19. Nec3 Bd7 20. Na4 Rae8 21. Nf2 b5 22. Nc5 Bc8 23. Nb3 a4 24. Na5 Nc4 25. Bxc4 dxc4 26. Nxc6 Qd6 27. Ne5 f4 28. Ne4 Qb6 29. Qc3 fxe3 30. b3 cxb3 31. axb3 a3 32. b4 Nf4 33. Nc5 Rxe5 34. dxe5 Qg6 35. g3 Qxb1 36. gxf4 a2 37. e6 Bxe6 38. Nxe6 Qg6+ 39. Ng5 hxg5 40. Qb3+ Qf7 41. Qxf7+ Kxf7 42. fxg5 Rd8 0-1

[Event "BCF-chT2 1617 (4NCL) Demotion pool"]
[Site "England"]
[Date "2017.04.30"]
[Round "10.81"]
[White "Weller, Jean Luc"]
[Black "Jogstad, Martin"]
[Result "1/2-1/2"]
[WhiteElo "2252"]
[BlackElo "2283"]
[PlyCount "150"]
[EventDate "2016.11.19"]
[EventType "team-tourn"]
[EventRounds "11"]
[EventCountry "ENG"]
[SourceTitle "EXT 2019"]
[Source "ChessBase"]
[SourceDate "2018.10.10"]
[SourceVersion "1"]
[SourceVersionDate "2018.10.10"]
[SourceQuality "1"]
[WhiteTeam "White Rose II"]
[BlackTeam "CSC Dragons"]
[WhiteTeamCountry "ENG"]
[BlackTeamCountry "ENG"]

1. e4 e6 2. d4 d5 3. Nd2 dxe4 4. Nxe4 Bd7 5. Bd3 Bc6 6. Nf3 Nd7 7. Ne5 Nxe5 8. dxe5 Qd4 9. f4 0-0-0 10. Qe2 Bb4+ 11. Nd2 Qxf4 12. c3 Bc5 13. Nb3 Qh4+ 14. g3 Qe7 15. Rf1 Bb6 16. a4 a5 17. Be3 Nh6 18. Nd4 Bxd4 19. Bxd4 Rxd4 20. cxd4 Rd8 21. 0-0-0 Bxa4 22. Bc2 Bxc2 23. Qxc2 Nf5 24. Qc3 Qg5+ 25. Kb1 Qe3 26. Qxa5 Qe4+ 27. Ka1 Rd5 28. Qa8+ Kd7 29. Qa4+ c6 30. Rc1 Kc7 31. Rf4 Qd3 32. Rc3 Qd2 33. Qc2 Ra5+ 34. Kb1 Qe1+ 35. Qc1 Qe2 36. Qf1 Qxh2 37. g4 Nh6 38. Rc2 Ra1+ 39. Kxa1 Qxc2 40. Qe1 Qa4+ 41. Kb1 Kd7 42. Qd2 Qb3 43. d5 cxd5 44. Rb4 Qf3 45. Rxb7+ Kc6 46. Rb4 Qf1+ 47. Ka2 Qa6+ 48. Kb3 Kd7 49. Qd4 Kc6 50. Ra4 Qb6+ 51. Qxb6+ Kxb6 52. Rf4 Kc5 53. Ka4 g5 54. b4+ Kb6 55. Rf6 Nxg4 56. Rxf7 Nxe5 57. Re7 Nd3 58. Rxe6+ Kc7 59. Rh6 g4 60. Kb3 g3 61. Rxh7+ Kb6 62. Rg7 Kb5 63. Ka3 Ne1 64. Kb3 Nd3 65. Rg4 g2 66. Kc3 Ne1 67. Rg5 Kc6 68. Rg6+ Kb5 69. Rg3 d4+ 70. Kb3 d3 71. Rg5+ Kb6 72. Kc3 d2 73. Rg6+ Kb5 74. Kxd2 g1Q 75. Rxg1 Nf3+ 1/2-1/2

[Event "BCF-chT1b 1617 (4NCL)"]
[Site "England"]
[Date "2017.03.04"]
[Round "7.76"]
[White "Law, Zhe Kang"]
[Black "Weller, Jean Luc"]
[Result "1-0"]
[WhiteElo "2215"]
[BlackElo "2269"]
[PlyCount "117"]
[EventDate "2016.11.19"]
[EventType "team-tourn"]
[EventRounds "7"]
[EventCountry "ENG"]
[SourceTitle "EXT 2018"]
[Source "ChessBase"]
[SourceDate "2017.10.13"]
[SourceVersion "1"]
[SourceVersionDate "2017.10.13"]
[SourceQuality "1"]
[WhiteTeam "Grantham Sharks"]
[BlackTeam "White Rose"]
[WhiteTeamCountry "ENG"]
[BlackTeamCountry "ENG"]

1. d4 Nf6 2. c4 e6 3. Nc3 Bb4 4. Qc2 d5 5. a3 Bxc3+ 6. Qxc3 0-0 7. Nf3 Nbd7 8. Bg5 c6 9. e3 Ne4 10. Bxd8 Nxc3 11. Bc7 Ne4 12. Bd3 Ndf6 13. Nd2 Nxd2 14. Kxd2 dxc4 15. Bxc4 b6 16. f3 Bb7 17. Rac1 Rac8 18. Bg3 Rfe8 19. e4 Rcd8 20. Ke3 Nh5 21. Bf2 Kh8 22. e5 g6 23. g4 Ng7 24. Bh4 Rd7 25. Bf6 Rc8 26. h4 c5 27. dxc5 Rxc5 28. b4 Rc8 29. h5 Kg8 30. hxg6 fxg6 31. Bxg7 Kxg7 32. Bxe6 Rxc1 33. Rxc1 Re7 34. Kf4 Bxf3 35. Kxf3 Rxe6 36. Rc7+ Kg8 37. Kf4 a6 38. Ra7 b5 39. g5 Rc6 40. Ke4 Kf8 41. Kd5 Rc3 42. Rxa6 Rg3 43. e6 Rd3+ 44. Ke4 Rg3 45. Kf4 Rg1 46. Ra7 Re1 47. Rxh7 Rxe6 48. Rb7 Ra6 49. Rxb5 Rxa3 50. Ke5 Rf3 51. Ke6 Kg7 52. Rb7+ Kf8 53. b5 Rf5 54. b6 Rxg5 55. Rf7+ Ke8 56. b7 Rb5 57. Rc7 Rb6+ 58. Kd5 Kd8 59. Rc8+ 1-0

[Event "BCF-chT2b 1617 (4NCL)"]
[Site "England"]
[Date "2017.02.12"]
[Round "6.71"]
[White "Jones, Steven"]
[Black "Weller, Jean Luc"]
[Result "1-0"]
[WhiteElo "2157"]
[BlackElo "2269"]
[PlyCount "85"]
[EventDate "2016.11.19"]
[EventType "team-tourn"]
[EventRounds "11"]
[EventCountry "ENG"]
[SourceTitle "EXT 2019"]
[Source "ChessBase"]
[SourceDate "2018.10.10"]
[SourceVersion "1"]
[SourceVersionDate "2018.10.10"]
[SourceQuality "1"]
[WhiteTeam "Bradford DCA Knights"]
[BlackTeam "White Rose II"]
[WhiteTeamCountry "ENG"]
[BlackTeamCountry "ENG"]

1. e4 e6 2. d4 d5 3. Nc3 Bb4 4. e5 Ne7 5. a3 Bxc3+ 6. bxc3 c5 7. Qg4 Qc7 8. Qxg7 Rg8 9. Qxh7 cxd4 10. Ne2 dxc3 11. f4 Nbc6 12. Qd3 d4 13. Ng3 Bd7 14. Ne4 0-0-0 15. g3 Ng6 16. Bg2 Ncxe5 17. fxe5 Qxe5 18. 0-0 Bb5 19. Qf3 Bxf1 20. Qxf1 f5 21. Ng5 Rd7 22. Qc4+ Kb8 23. Qxe6 Qxe6 24. Nxe6 Re8 25. Nc5 Rde7 26. Bf3 Re5 27. Bf4 Kc8 28. Bxe5 Rxe5 29. Nd3 Ra5 30. h4 b5 31. Kf2 Kd7 32. Nc5+ Kc7 33. Nb3 Ra4 34. Be2 Kb6 35. Bd3 b4 36. axb4 Rxb4 37. Ra6+ Kb7 38. Rd6 Ne5 39. Rxd4 Rxd4 40. Nxd4 a5 41. h5 Kb6 42. h6 a4 43. h7 1-0

[Event "BCF-chT1d 1516 (4NCL) Demotion pool"]
[Site "England"]
[Date "2016.03.20"]
[Round "8.183"]
[White "Cooper, John Grantley"]
[Black "Weller, Jean Luc"]
[Result "1/2-1/2"]
[WhiteElo "1955"]
[BlackElo "2247"]
[PlyCount "54"]
[EventDate "2015.11.14"]
[EventType "team-tourn"]
[EventRounds "4"]
[EventCountry "ENG"]
[SourceTitle "CBM 171 Extra"]
[Source "ChessBase"]
[SourceDate "2016.04.26"]
[SourceVersion "1"]
[SourceVersionDate "2016.04.26"]
[SourceQuality "1"]
[WhiteTeam "South Wales Dragons"]
[BlackTeam "White Rose II"]
[WhiteTeamCountry "ENG"]
[BlackTeamCountry "ENG"]

1. d4 Nf6 2. c4 e6 3. Nc3 Bb4 4. e3 c5 5. Bd3 Nc6 6. Nf3 0-0 7. 0-0 Bxc3 8. bxc3 d6 9. Nd2 Ne8 10. f4 f5 11. d5 Ne7 12. e4 g6 13. exf5 gxf5 14. Re1 Ng7 15. Nf3 Ng6 16. Rb1 b6 17. Rb2 Re8 18. Rbe2 a6 19. g4 fxg4 20. Ng5 Qf6 21. Qc2 e5 22. fxe5 dxe5 23. Ne4 Qf8 24. Bg5 Nh5 25. Ng3 Nhf4 26. Bxg6 Nxg6 27. Rf1 Nf4 1/2-1/2

[Event "GRB-ch Universities"]
[Site "Birmingham"]
[Date "2016.02.20"]
[Round "3.3"]
[White "Weller, Jean Luc"]
[Black "Nuesken, Nikolas"]
[Result "1/2-1/2"]
[WhiteElo "2249"]
[BlackElo "2328"]
[PlyCount "137"]
[EventDate "2016.02.20"]
[EventType "team-swiss"]
[EventRounds "5"]
[EventCountry "ENG"]
[SourceTitle "CBM 170 Extra"]
[Source "ChessBase"]
[SourceDate "2016.02.25"]
[SourceVersion "1"]
[SourceVersionDate "2016.02.25"]
[SourceQuality "1"]
[WhiteTeam "Cambridge"]
[BlackTeam "Imperial"]
[WhiteTeamCountry "ENG"]
[BlackTeamCountry "ENG"]

1. d4 Nf6 2. c4 e6 3. Nc3 Bb4 4. Qc2 b6 5. a3 Bxc3+ 6. Qxc3 Bb7 7. Bg5 h6 8. Bh4 g5 9. Bg3 Ne4 10. Qc2 d6 11. Nf3 Nd7 12. Nd2 f5 13. f3 Nxg3 14. hxg3 Qf6 15. e3 h5 16. Bd3 g4 17. fxg4 hxg4 18. Rxh8+ Qxh8 19. d5 Qe5 20. 0-0-0 0-0-0 21. dxe6 Qxe6 22. Bxf5 Qxe3 23. Bxg4 Qxg3 24. Bf3 Re8 25. Qa4 Bxf3 26. gxf3 Re5 27. Rh1 Re1+ 28. Rxe1 Qxe1+ 29. Kc2 a5 30. Qc6 Nc5 31. Qd5 Ne6 32. Ne4 Kd7 33. Nd2 Qe3 34. Nb3 a4 35. Qb5+ Ke7 36. Qxa4 Qxf3 37. Nc1 Qe4+ 38. Kc3 Qe1+ 39. Kc2 Qe4+ 40. Kc3 Nc5 41. Qd1 Qe3+ 42. Kc2 Qe4+ 43. Kc3 Qe5+ 44. Kc2 Qf5+ 45. Nd3 Kd7 46. Kc3 Qf6+ 47. Kc2 Ne4 48. Qg4+ Qe6 49. Qxe6+ Kxe6 50. Nf4+ Kd7 51. b4 Nf6 52. Kb3 Kc6 53. a4 Ne4 54. Ne2 Nd2+ 55. Kc3 Nf3 56. Nd4+ Nxd4 57. Kxd4 Kd7 58. Kd3 c6 59. Ke4 Ke6 60. Kd3 Kd7 61. Ke3 Ke6 62. Ke4 Kd7 63. Kf5 Ke7 64. a5 bxa5 65. bxa5 Kd7 66. a6 Kc7 67. Ke6 d5 68. cxd5 cxd5 69. Kxd5 1/2-1/2

[Event "Varsity Oxbridge m 133rd"]
[Site "London"]
[Date "2015.03.07"]
[Round "1.5"]
[White "Weller, Jean Luc"]
[Black "Foord, Dominic"]
[Result "0-1"]
[WhiteElo "2233"]
[BlackElo "2081"]
[PlyCount "82"]
[EventDate "2015.03.07"]
[EventType "team-match"]
[EventRounds "1"]
[EventCountry "ENG"]
[SourceTitle "CBM 165 Extra"]
[Source "ChessBase"]
[SourceDate "2015.04.21"]
[SourceVersion "1"]
[SourceVersionDate "2015.04.21"]
[SourceQuality "1"]
[WhiteTeam "Cambridge"]
[BlackTeam "Oxford"]
[WhiteTeamCountry "ENG"]
[BlackTeamCountry "ENG"]

1. d4 d5 2. c4 e6 3. Nc3 c6 4. e3 Bd6 5. Nf3 f5 6. Bd3 Nh6 7. h4 Nd7 8. Ng5 Nf6 9. Bd2 0-0 10. Qe2 Qe7 11. 0-0-0 Ne4 12. Rdg1 Bd7 13. Kb1 Kh8 14. Bxe4 fxe4 15. f3 Nf5 16. c5 Bc7 17. fxe4 Ng3 18. Qd3 Be8 19. Rh3 Bg6 20. Be1 Nxe4 21. Ngxe4 dxe4 22. Qe2 h6 23. h5 Bh7 24. Bh4 Qf7 25. Ka1 e5 26. g4 exd4 27. exd4 Qd7 28. Bf2 Rae8 29. Be3 Qe6 30. Rhh1 Bf4 31. Nd1 Bg8 32. b3 Qd5 33. Nc3 Qg5 34. Rh3 b6 35. cxb6 axb6 36. Kb2 c5 37. Rd1 Be6 38. Bxf4 Rxf4 39. Nxe4 Qxg4 40. Qxg4 Bxg4 41. Rh4 Rexe4 0-1

[Event "BCF-chT2b 1415 (4NCL)"]
[Site "England"]
[Date "2015.01.11"]
[Round "4.6"]
[White "Weller, Jean Luc"]
[Black "Varnam, Liam"]
[Result "1-0"]
[WhiteElo "2240"]
[BlackElo "2124"]
[PlyCount "87"]
[EventDate "2014.11.15"]
[EventType "team-tourn"]
[EventRounds "7"]
[EventCountry "ENG"]
[SourceTitle "EXT 2016"]
[Source "ChessBase"]
[SourceDate "2015.10.08"]
[SourceVersion "1"]
[SourceVersionDate "2015.10.08"]
[SourceQuality "1"]
[WhiteTeam "White Rose II"]
[BlackTeam "Grantham Sharks II"]
[WhiteTeamCountry "ENG"]
[BlackTeamCountry "ENG"]

1. d4 d5 2. c4 dxc4 3. Nf3 Nf6 4. e3 e6 5. Bxc4 c5 6. 0-0 a6 7. dxc5 Qxd1 8. Rxd1 Bxc5 9. Be2 b6 10. Ne5 Bb7 11. Nc4 Nbd7 12. Nbd2 0-0 13. Nb3 Be7 14. f3 a5 15. e4 a4 16. Nd4 Bc5 17. Be3 Ba6 18. Kf2 Rac8 19. Rac1 Bb7 20. g4 Rfd8 21. Nb5 Ba6 22. Nbd6 Rb8 23. g5 Nh5 24. Rc2 Kf8 25. a3 Ke7 26. Rcd2 Nf4 27. Bf1 Bxc4 28. Nxc4 Ng6 29. Bxc5+ bxc5 30. Na5 Rb6 31. Bb5 Nge5 32. Bxa4 Ra8 33. Rxd7+ Nxd7 34. Rxd7+ Kf8 35. Nc4 Rbb8 36. Bc2 Rd8 37. Rxd8+ Rxd8 38. Ke3 Rd4 39. Bd3 Rd8 40. a4 Ra8 41. Nb6 Ra7 42. Bb5 f6 43. gxf6 gxf6 44. Nd7+ 1-0

[Event "BCF-chT2b 1415 (4NCL)"]
[Site "England"]
[Date "2014.11.16"]
[Round "2.252"]
[White "Weller, Jean Luc"]
[Black "McMichael, Richard"]
[Result "1-0"]
[WhiteElo "2240"]
[BlackElo "2206"]
[PlyCount "99"]
[EventDate "2014.11.15"]
[EventType "team-tourn"]
[EventRounds "7"]
[EventCountry "ENG"]
[SourceTitle "CBM 163 Extra"]
[Source "ChessBase"]
[SourceDate "2014.12.23"]
[SourceVersion "1"]
[SourceVersionDate "2014.12.23"]
[SourceQuality "1"]
[WhiteTeam "White Rose II"]
[BlackTeam "Kings Head"]
[WhiteTeamCountry "ENG"]
[BlackTeamCountry "ENG"]

1. d4 e6 2. e4 d5 3. Nd2 dxe4 4. Nxe4 Bd7 5. Nf3 Bc6 6. Bd3 Nd7 7. 0-0 Ngf6 8. Ned2 Be7 9. Nc4 Bd5 10. Ne3 Bxf3 11. Qxf3 c6 12. c3 0-0 13. Re1 Re8 14. Nc4 b5 15. Ne5 Nxe5 16. Rxe5 Qd7 17. a4 b4 18. Bg5 Red8 19. Bxf6 Bxf6 20. Rh5 h6 21. Be4 Rac8 22. Rc5 Be7 23. Rxc6 f5 24. Rxc8 Rxc8 25. Bb7 Rc7 26. Ba6 bxc3 27. bxc3 Qc6 28. Qe2 Qxc3 29. Qxe6+ Kh8 30. Rb1 Qc2 31. Rb8+ Kh7 32. g3 Bf6 33. Qd5 Kg6 34. Bb5 Qb1+ 35. Kg2 Qe4+ 36. Qxe4 fxe4 37. d5 Rc2 38. Re8 Rd2 39. Rxe4 Rxd5 40. Re2 Rd4 41. Be8+ Kf5 42. h4 Be5 43. f4 Bd6 44. Kh3 a5 45. h5 Kf6 46. Kg4 Rd5 47. Bc6 Rd4 48. Bb5 Rd5 49. Bc4 Rc5 50. Bg8 1-0

[Event "BCF-chT2b 1415 (4NCL)"]
[Site "England"]
[Date "2014.11.15"]
[Round "1.63"]
[White "Weller, Jean Luc"]
[Black "Carleton, John Joseph"]
[Result "1/2-1/2"]
[WhiteElo "2240"]
[BlackElo "2242"]
[PlyCount "53"]
[EventDate "2014.11.15"]
[EventType "team-tourn"]
[EventRounds "7"]
[EventCountry "ENG"]
[SourceTitle "CBM 163 Extra"]
[Source "ChessBase"]
[SourceDate "2014.12.23"]
[SourceVersion "1"]
[SourceVersionDate "2014.12.23"]
[SourceQuality "1"]
[WhiteTeam "White Rose II"]
[BlackTeam "Spirit of Atticus"]
[WhiteTeamCountry "ENG"]
[BlackTeamCountry "ENG"]

1. d4 d5 2. c4 e6 3. Nc3 Bb4 4. Nf3 Nf6 5. cxd5 exd5 6. Bg5 Qd6 7. Bxf6 Qxf6 8. Qa4+ Nc6 9. Ne5 Bd7 10. Nxc6 Bxc3+ 11. bxc3 Bxc6 12. Qa3 Bb5 13. f3 a6 14. Qb4 Qh6 15. a4 Bc4 16. Kf2 0-0-0 17. Rb1 b6 18. Qb2 Rhe8 19. Qc1 Qc6 20. a5 b5 21. e3 Rd6 22. Bxc4 Qxc4 23. Qd2 Rde6 24. Rhe1 Rc6 25. Rbc1 Rce6 26. Qc2 g6 27. Re2 1/2-1/2

[Event "BCF-chT2d 1314 (4NCL)"]
[Site "England"]
[Date "2014.03.23"]
[Round "8.63"]
[White "Weller, Jean Luc"]
[Black "Trevelyan, John"]
[Result "1-0"]
[WhiteElo "2192"]
[BlackElo "2115"]
[PlyCount "63"]
[EventDate "2013.11.16"]
[EventType "team-tourn"]
[EventRounds "11"]
[EventCountry "ENG"]
[SourceTitle "EXT 2015"]
[Source "ChessBase"]
[SourceDate "2014.11.20"]
[SourceVersion "1"]
[SourceVersionDate "2014.11.20"]
[SourceQuality "1"]
[WhiteTeam "White Rose II"]
[BlackTeam "Rhyfelwyr Essyllwg"]
[WhiteTeamCountry "ENG"]
[BlackTeamCountry "ENG"]

1. d4 d6 2. e4 e5 3. Nf3 Nc6 4. Be3 Nf6 5. Nc3 Ng4 6. Qd2 Nxe3 7. Qxe3 exd4 8. Nxd4 g6 9. Nxc6 bxc6 10. Qd4 Rg8 11. Bc4 Qg5 12. f4 Qa5 13. Qf6 Rg7 14. 0-0-0 Qc5 15. Bb3 Be6 16. Rhe1 Kd7 17. Rd4 Re8 18. Red1 Bxb3 19. axb3 Re6 20. Qh4 g5 21. Qh5 Be7 22. b4 Qb6 23. Na4 Qb5 24. Nc5+ Kd8 25. Nxe6+ fxe6 26. Qh6 Rf7 27. e5 Kd7 28. exd6 cxd6 29. Re1 Qf5 30. Re5 Rf6 31. Qh5 Qg6 32. Rxg5 1-0

[Event "Varsity Oxbridge m 132nd"]
[Site "London"]
[Date "2014.03.08"]
[Round "1.5"]
[White "Scott, Gordon W"]
[Black "Weller, Jean Luc"]
[Result "1/2-1/2"]
[WhiteElo "2064"]
[BlackElo "2192"]
[PlyCount "38"]
[EventDate "2014.03.08"]
[EventType "team-match"]
[EventRounds "1"]
[EventCountry "ENG"]
[SourceTitle "CBM 159 Extra"]
[Source "ChessBase"]
[SourceDate "2014.04.24"]
[SourceVersion "1"]
[SourceVersionDate "2014.04.24"]
[SourceQuality "1"]
[WhiteTeam "Oxford University"]
[BlackTeam "Cambridge"]
[WhiteTeamCountry "ENG"]
[BlackTeamCountry "ENG"]

1. d4 Nf6 2. c4 e6 3. Nc3 Bb4 4. Qc2 d5 5. a3 Bxc3+ 6. Qxc3 Ne4 7. Qc2 Nc6 8. Nf3 e5 9. e3 exd4 10. cxd5 Qxd5 11. Bc4 Qf5 12. 0-0 Nd6 13. Bd3 Qd5 14. Nxd4 Nxd4 15. exd4 c6 16. Bf4 Be6 17. Qc5 Nc4 18. Bxc4 Qxc4 19. Rfe1 Qxc5 1/2-1/2

[Event "BCF-chT1b 1314 (4NCL)"]
[Site "England"]
[Date "2014.02.15"]
[Round "5.177"]
[White "Kafka, Graeme"]
[Black "Weller, Jean Luc"]
[Result "0-1"]
[WhiteElo "2054"]
[BlackElo "2205"]
[PlyCount "50"]
[EventDate "2013.11.16"]
[EventType "team-tourn"]
[EventRounds "7"]
[EventCountry "ENG"]
[SourceTitle "EXT 2015"]
[Source "ChessBase"]
[SourceDate "2014.11.20"]
[SourceVersion "1"]
[SourceVersionDate "2014.11.20"]
[SourceQuality "1"]
[WhiteTeam "Grantham Sharks II"]
[BlackTeam "White Rose"]
[WhiteTeamCountry "ENG"]
[BlackTeamCountry "ENG"]

1. e4 e6 2. d4 d5 3. e5 c5 4. c3 Nc6 5. Nf3 Qb6 6. a3 Nh6 7. b4 cxd4 8. cxd4 Nf5 9. Bb2 Bd7 10. g4 Nh6 11. h3 f6 12. exf6 gxf6 13. Nc3 Nf7 14. Na4 Qc7 15. Rc1 Qf4 16. Nc5 Bxc5 17. Rxc5 Ng5 18. Nxg5 fxg5 19. Bg2 0-0 20. 0-0 Rac8 21. b5 Ne7 22. Bc1 Qf6 23. f4 Rxc5 24. fxg5 Rxc1 25. gxf6 Rxd1 0-1